10 najvećih gradova u Hrvatskoj - Statistics

General Stats
  • This quiz has been taken 69 times
  • The average score is 8 of 10
Answers on the Map
Answers color-coded by a green-red scale on the quiz's map according to % correct below.
 
Answer Stats
Answer % Correct
Zagreb
100%
Split
98%
Osijek
92%
Rijeka
92%
Pula
88%
Karlovac
82%
Slavonski Brod
80%
Zadar
80%
Varaždin
77%
Velika Gorica
50%
No matching quizzes found
Score Distribution
Percent of People with Each Score
Percentile by Number Answered
Your Score History
You have not taken this quiz